000 00246 a2200085 4500
020 _a 9780500237069
100 _aWolfsonian Foundation
245 _aDesigning Modernity: The Arts of Reform and Persuasion 1885-1945
260 _bThames & Hudson
_c 1999
999 _c13400
_d13400